|
|
|
|
| LEADER |
00000nab a2200000 ar4500 |
| 001 |
vtls010029917 |
| 003 |
SK-MaSNL |
| 005 |
20260426094609.0 |
| 008 |
091209c2003 xo |r||||||||||00 ||slo |
| 015 |
|
|
|a SNBRA2009/12
|2 snkbucl
|
| 038 |
|
|
|a SNKBUCL
|
| 040 |
|
|
|a SNKBUCL
|b slo
|c SNKBUCL
|e AACR2
|
| 041 |
0 |
|
|a slo
|
| 044 |
|
|
|a xo
|c SK
|
| 080 |
|
|
|a 316.774
|x (437.6)
|x "2003"
|2 2001
|
| 080 |
|
|
|a 659.443/.446
|x (437.6)
|x "2003"
|2 2001
|
| 080 |
|
|
|a 004.738.5
|x (437.6)
|x "2003"
|2 2001
|
| 080 |
|
|
|a 654.195.6
|x (437.6)
|x "2003"
|2 2001
|
| 100 |
1 |
|
|a Kollár, Miroslav,
|d 1969-
|4 aut
|9 110392
|
| 245 |
1 |
0 |
|a Médiá
|c Miroslav Kollár
|
| 300 |
|
|
|b Grafy, tab.
|
| 504 |
|
|
|a Bibliogr. odkazy
|
| 648 |
|
7 |
|a 2003
|2 snkbucl
|9 301018
|
| 650 |
0 |
7 |
|a médiá
|2 snkbucl
|9 1424
|
| 650 |
0 |
7 |
|a tlačové médiá
|2 snkbucl
|9 83572
|
| 650 |
0 |
7 |
|a elektronické médiá
|2 snkbucl
|9 2659
|
| 650 |
0 |
7 |
|a internet
|2 snkbucl
|9 1833
|
| 650 |
0 |
7 |
|a rozhlas
|2 snkbucl
|9 18755
|
| 650 |
0 |
7 |
|a televízia
|2 snkbucl
|9 16407
|
| 651 |
|
7 |
|a Slovensko
|2 snkbucl
|9 14231
|
| 655 |
|
7 |
|a štúdie
|2 snkbucl
|9 57033
|
| 773 |
0 |
|
|t Slovensko 2003 : súhrnná správa o stave spoločnosti
|d Bratislava : Inštitút pre verejné otázky, 2003
|g S. 661-682
|z 8088935571
|
| 852 |
|
|
|a SNK
|b KIS3GCP
|
| 958 |
|
|
|a NB
|
| 999 |
|
|
|c 3141139
|d 3143069
|